[Event "Hastings Challengers9192"]
[Site "Hastings"]
[Date "1991.??.??"]
[Round "?"]
[White "Kumaran, Dharshan"]
[Black "Wells, Peter K"]
[Result "0-1"]
[WhiteElo "2330"]
[BlackElo "2465"]

1.d4 Nf6 2.c4 e6 3.Nc3 Bb4 4.f3 d5 5.a3 Bxc3+ 6.bxc3 c5 7.cxd5 Nxd5 8.Qd2 f5
9.e3 O-O 10.Nh3 Nc6 11.c4 Nb6 12.dxc5 Nd7 13.Qd6 Qf6 14.Rb1 Rd8 15.Qd2 Nxc5
16.Qc2 e5 17.f4 b6 18.Bb2 Bb7 19.Ng5 Qg6 20.Be2 exf4 21.Nf3 fxe3 22.Nh4 Qg5
23.Nf3 Qxg2 24.Rf1 Ne4 25.c5 Nd2  0-1

[Event "Hastings9192"]
[Site "Hastings"]
[Date "1991.??.??"]
[Round "4"]
[White "Shirov, Alexei"]
[Black "Chandler, Murray G"]
[Result "1-0"]
[WhiteElo "2610"]
[BlackElo "2605"]

1.d4 Nf6 2.c4 e6 3.Nc3 Bb4 4.f3 d5 5.a3 Bxc3+ 6.bxc3 c5 7.cxd5 Nxd5 8.Qd3 O-O
9.e4 Ne7 10.f4 b6 11.Qe3 Ba6 12.Bxa6 Nxa6 13.Nf3 cxd4 14.cxd4 Nc7 15.a4 f5
16.Ba3 fxe4 17.Qxe4 Qd5 18.Qc2 Qa5+ 19.Qd2 Qxa4 20.O-O Qe8 21.Rae1 h6 22.d5 Nexd5
23.Bxf8 Qxf8 24.Nd4 Qd6 25.Rc1 Rf8 26.Nc6 a5 27.Ne5 Rd8 28.Rc6 Qb4 29.Qc1 Qd4+
30.Kh1 Nxf4 31.Nf3 Qd3 32.Rxc7 Ne2 33.Qa1  1-0

[Event "FIN-SWE"]
[Site "Helsinki"]
[Date "1991.??.??"]
[Round "2"]
[White "Yrjola, Jouni"]
[Black "Andersson, Ulf"]
[Result "1-0"]
[WhiteElo "2500"]
[BlackElo "2625"]

1.d4 Nf6 2.c4 e6 3.Nc3 Bb4 4.f3 c5 5.d5 Bxc3+ 6.bxc3 d6 7.e4 O-O 8.Ne2 Re8
9.Ng3 Nbd7 10.Be2 Ne5 11.O-O Ng6 12.dxe6 Bxe6 13.f4 Bd7 14.Qxd6 Nxe4 15.Nxe4 Rxe4
16.Bf3 Re7 17.Qxc5 Bc6 18.Bxc6 Rc7 19.f5 Rxc6 20.Qd4 Nf8 21.c5 Qe7 22.Be3 Nd7
23.Rae1 Nxc5 24.f6 Qe4 25.fxg7 b6 26.Bg5 Qg6 27.Qd5 Rac8 28.Re7 Re6 29.Rexf7 Qxf7
30.Rxf7 Kxf7 31.Qf5+ Kg8 32.Be3 Rce8 33.Bxc5 bxc5 34.Qxc5 R6e7 35.h4 Rxg7
36.Qd5+ Rf7 37.c4 Re7 38.c5 h6 39.h5 Kh7 40.c6 Rg7  1-0

[Event "Hessen-ch"]
[Site "Hessen"]
[Date "1991.??.??"]
[Round "7"]
[White "Roeschlau, Bernd"]
[Black "Zude, Arno"]
[Result "1-0"]
[WhiteElo "2315"]
[BlackElo "2385"]

1.d4 Nf6 2.c4 e6 3.Nc3 Bb4 4.f3 d5 5.a3 Be7 6.e4 dxe4 7.fxe4 e5 8.d5 O-O
9.Nf3 a5 10.Bd3 Bg4 11.O-O Nbd7 12.Rb1 c6 13.h3 Bh5 14.Be3 Ne8 15.g4 Bg6
16.Qe1 Rc8 17.Rd1 Nef6 18.Nh4 cxd5 19.cxd5 Bc5 20.Nf5 Re8 21.Na4 Bxe3+ 22.Qxe3 Bxf5
23.Rxf5 Qc7 24.Bb5 h6 25.g5 hxg5 26.Rxg5 Qc2 27.Re1 Red8 28.Rg2 Qc7 29.Rf1 Nh7
30.Bxd7 Qxd7 31.Nb6 Qd6 32.Nxc8 Rxc8 33.Rf5 Rc4 34.Qg3 g6 35.Qxe5 Qb6+ 36.Kh2 Rc8
37.d6 Rd8 38.Rxf7 Qxd6 39.Qxd6 Rxd6 40.Rxb7 Re6 41.Rb5  1-0

[Event "Jyvaskyla op"]
[Site "Jyvaskyla"]
[Date "1991.??.??"]
[Round "3"]
[White "Barkovsky, E."]
[Black "Veingold, Aleksandr"]
[Result "1/2-1/2"]
[WhiteElo "2285"]
[BlackElo "2465"]

1.d4 Nf6 2.c4 e6 3.Nc3 Bb4 4.f3 d5 5.a3 Bxc3+ 6.bxc3 c5 7.cxd5 Nxd5 8.dxc5 Qa5
9.e4 Nc7 10.Be3 e5 11.Qb3 O-O 12.Bc4 Nba6 13.Ne2 Be6 14.c6 bxc6 15.Bxe6 Nxe6
16.O-O Rab8 17.Qc4 Nac5 18.Rfd1 Nb3 19.Ra2 Qc7 20.Nc1 Nxc1 21.Rxc1 Rfd8 22.Qa4 Rd3
23.Qxa7 Rb7 24.Qa8+ Rb8 25.Qa7 Rb7 26.Qa8+  1/2-1/2

[Event "Katowice op"]
[Site "Katowice"]
[Date "1991.??.??"]
[Round "11"]
[White "Malaniuk, Vladimir P"]
[Black "Ivanov, Al"]
[Result "1/2-1/2"]
[WhiteElo "2500"]
[BlackElo "2360"]

1.d4 Nf6 2.c4 e6 3.Nc3 Bb4 4.f3 d5 5.a3 Bxc3+ 6.bxc3 c6 7.e3 O-O 8.Bd3 b6
9.cxd5 cxd5 10.Ne2 Ba6 11.Bc2 Qc7 12.O-O Rc8 13.Rf2 Bxe2 14.Qxe2 Qxc3 15.Bb2 Qc7
16.e4 Nc6 17.e5 Nd7 18.f4 f5 19.exf6 Nxf6 20.Qxe6+ Qf7 21.Bf5 Rc7 22.Qxf7+ Kxf7
23.Rc1 g6 24.Bh3 Rd8 25.Rfc2 Rd6 26.a4 Ng8 27.Ba3 Rf6 28.g3 Nge7 29.Bxe7 Kxe7
30.Bf1 a6 31.a5 bxa5 32.Bg2 Rd6 33.Rc5 Ke6 34.h4 a4 35.R1c3 a3 36.Rxa3 Ra7
37.Ra4 Ne7 38.Kh2 h5 39.Kh3 Nf5 40.Rca5 Ne3 41.Bf3 Nf5 42.Be2 Rc7 43.Rxa6 Rc3
44.Rxd6+ Kxd6 45.Ra6+ Rc6 46.Rxc6+ Kxc6 47.Bd3 Kd6 48.g4 hxg4+ 49.Kxg4 Nxd4
50.Bxg6 Ke7 51.h5 Kf6 52.Bd3 Kg7  1/2-1/2

[Event "Kecskemet"]
[Site "Kecskemet"]
[Date "1991.??.??"]
[Round "2"]
[White "Yakovich, Yuri"]
[Black "Siklosi, Zoltan"]
[Result "1-0"]
[WhiteElo "2530"]
[BlackElo "2365"]

1.d4 Nf6 2.c4 e6 3.Nc3 Bb4 4.f3 d5 5.a3 Be7 6.e4 dxe4 7.fxe4 e5 8.d5 a5 9.Bd3 O-O
10.Nf3 Bg4 11.O-O Nbd7 12.h3 Bxf3 13.Rxf3 Ne8 14.Rb1 Bg5 15.Bxg5 Qxg5 16.b4 axb4
17.axb4 b6 18.Qc2 Nd6 19.Ne2 f5 20.exf5 e4 21.Bxe4 Rae8 22.Bd3 Re3 23.Qd2 Rfe8
24.Rd1 R8e5 25.Rxe3 Qxe3+ 26.Qxe3 Rxe3 27.Kf2 Re7 28.Ng3 Ne5 29.c5 bxc5 30.bxc5 Nb7
31.c6 Nd6 32.Bc2 Kf7 33.Nh5 Nec4 34.Rd4 Ne3 35.Bb1 Nexf5 36.Bxf5 Nxf5 37.Rf4 Kg6
38.Ng3 Nxg3 39.Kxg3 Re8 40.Kf3 Re5 41.Rd4 Kf6 42.d6 cxd6 43.Rxd6+ Kf7 44.c7 Rc5
45.Rd7+ Kf6 46.Ke4 h5 47.Kd4 Rc2 48.Kd5 Rd2+ 49.Kc6 Rc2+ 50.Kb7 Rb2+ 51.Kc8 Rxg2
52.Kd8 Rc2 53.c8=Q Rxc8+ 54.Kxc8 g5 55.Rd5  1-0

[Event "JUG-ch"]
[Site "Kladovo"]
[Date "1991.??.??"]
[Round "3"]
[White "Tosic, Miroslav"]
[Black "Stefanovski, Dusko"]
[Result "1-0"]
[WhiteElo "2455"]
[BlackElo "2300"]

1.d4 Nf6 2.c4 e6 3.Nc3 Bb4 4.f3 c5 5.d5 d6 6.e4 Bxc3+ 7.bxc3 O-O 8.Ne2 Ne8
9.Ng3 f5 10.dxe6 f4 11.Nf5 Bxe6 12.Bxf4 Bxf5 13.exf5 Rxf5 14.Bg3 Qf6 15.Qd2 Qe6+
16.Be2 Nc6 17.O-O Ne5 18.Qc2 Rf7 19.Rae1 Qg6 20.Qd1 Qf6 21.f4 Nc6 22.Qc2 g6
23.Bf3 Kh8 24.Bd5 Re7 25.Rxe7 Nxe7 26.Bxb7 Rb8 27.Be4 Ng7 28.Qd3 Ngf5 29.Be1 h5
30.g3 Nh6 31.h3 Qe6 32.Kg2 Kg7 33.Rf2 Re8 34.Re2 Qd7 35.Bf2 Rd8 36.Bf3 Nef5
37.Rb2 Rc8 38.Rd2 Nf7 39.g4 hxg4 40.hxg4 N5h6 41.Kg3 Qe7 42.Re2 Qf6 43.g5 Nf5+
44.Kg2 Qd8 45.Bd5 Rc7 46.Re6 Re7 47.Rf6 Qe8 48.Rxf5 gxf5 49.Qxf5 Qh8 50.Kg3 Rc7
51.Kg4 Qh2 52.Qf6+ Kf8 53.Bg3 Qe2+ 54.Kh4 Qe7 55.Qg6 Rb7 56.f5 Rb2 57.Bxd6  1-0

[Event "Krumbach op"]
[Site "Krumbach"]
[Date "1991.??.??"]
[Round "7"]
[White "Gutman, Lev"]
[Black "Vogel, Jaap"]
[Result "1-0"]
[WhiteElo "2445"]
[BlackElo "2325"]

1.d4 e6 2.c4 Nf6 3.Nc3 Bb4 4.f3 d5 5.a3 Bxc3+ 6.bxc3 O-O 7.cxd5 exd5 8.e3 b6
9.Bd3 Ba6 10.Ne2 Qc8 11.O-O Bxd3 12.Qxd3 Qa6 13.Qd1 c5 14.g4 Nc6 15.Ng3 Qc4
16.Bb2 Rad8 17.Rc1 Na5 18.Nf5 Qb3 19.g5 Ne8 20.Qxb3 Nxb3 21.Rcd1 cxd4 22.cxd4 Nd6
23.Ne7+ Kh8 24.Rd3 Na5 25.Bc3 Ndc4 26.e4 dxe4 27.fxe4 Rfe8 28.Bb4 Rd7 29.g6 f6
30.Rh3 h6 31.Rxf6 Nd2 32.Rf7 Rdxe7 33.Rxe7 Rxe7 34.Bxe7 Nc6 35.Bg5 Nxe4 36.Re3  1-0

[Event "Leningrad op"]
[Site "Leningrad"]
[Date "1991.??.??"]
[Round "?"]
[White "Khenkin, Igor"]
[Black "Zakharov, Alexander V"]
[Result "1-0"]
[WhiteElo "2460"]
[BlackElo "2380"]

1.d4 Nf6 2.c4 e6 3.Nc3 Bb4 4.f3 c5 5.d5 d6 6.e4 O-O 7.Bd2 Nh5 8.g3 f5 9.exf5 exf5
10.Nh3 f4 11.Nxf4 Nxf4 12.Bxf4 Bxc3+ 13.bxc3 Qf6 14.Rc1 g5 15.Be3 h6 16.h4 g4
17.fxg4 Qe7 18.Qd3 Bxg4 19.Qg6+ Qg7 20.Qxh6 Nd7 21.Qxg7+ Kxg7 22.Bf4 Ne5
23.Bxe5+ dxe5 24.Be2 Bf3 25.Rf1 e4 26.Bxf3 exf3 27.Kf2 Rad8 28.Rb1 b6 29.Rfe1  1-0

[Event "Lippstadt"]
[Site "Lippstadt"]
[Date "1991.??.??"]
[Round "4"]
[White "Chabanon, Jean Luc"]
[Black "Dautov, Rustem"]
[Result "0-1"]
[WhiteElo "2480"]
[BlackElo "2570"]

1.d4 Nf6 2.c4 e6 3.Nc3 Bb4 4.f3 d5 5.a3 Bxc3+ 6.bxc3 c5 7.cxd5 Nxd5 8.Qd3 O-O
9.e4 Ne7 10.Nh3 cxd4 11.cxd4 Nbc6 12.Bb2 Qa5+ 13.Bc3 Qc7 14.Be2 Rd8 15.Qe3 Qb6
16.Kf2 Bd7 17.Rab1 Qc7 18.Rhc1 Be8 19.Nf4 Ng6 20.Nh5 Qe7 21.g3 f6 22.d5 exd5
23.exd5 Qxe3+ 24.Kxe3 Nce7 25.Rxb7 Nxd5+ 26.Kf2 Nge7 27.Bc4 Bxh5 28.Rxe7 Kh8
29.Bxd5 Rxd5 30.g4 Bg6 31.h4 h6 32.h5 Be8 33.Rce1 Ba4 34.Rc7 Rd7 35.Rxd7 Bxd7
36.Re7 Bb5 37.Rb7 a6 38.f4 Rc8 39.g5 hxg5 40.a4 Bxa4 41.Bb2 gxf4 42.h6 Rc2+
43.Ke1 f3 44.hxg7+ Kh7 45.Bd4 Re2+ 46.Kf1 Bb5 47.Kg1 Rg2+ 48.Kh1 f2  0-1

[Event "London WFW"]
[Site "London"]
[Date "1991.??.??"]
[Round "?"]
[White "Wells, Peter K"]
[Black "Suba, Mihai"]
[Result "0-1"]
[WhiteElo "2460"]
[BlackElo "2540"]

1.d4 Nf6 2.c4 e6 3.Nc3 Bb4 4.f3 d5 5.a3 Bxc3+ 6.bxc3 c5 7.cxd5 exd5 8.e3 Qc7
9.Ra2 cxd4 10.cxd4 Bf5 11.Ne2 Nbd7 12.g4 Bg6 13.a4 O-O 14.h4 Rac8 15.Ra3 Qd6
16.h5 Bc2 17.Qd2 Ne4 18.fxe4 Bxe4 19.Rh3 Rc2 20.Qd1 Rfc8 21.Ra1 Nf6 22.Ba3 Qc7
23.Rc1 Qa5+ 24.Kf2 Nxg4+ 25.Kg1 Qd8 26.Rxc2 Rxc2 27.Qe1 Ra2 28.Qg3 Qc8 29.Qd6 h6
30.Rg3 Qf5 31.Nf4 Kh7 32.Bb4 Rxa4 33.Be1 Ra1 34.Qb4 Nxe3 35.Rxe3 Qxf4 36.Qc3 Rb1
37.Bg3 Qxf1+  0-1

[Event "London WFW"]
[Site "London"]
[Date "1991.??.??"]
[Round "?"]
[White "Wells, Peter K"]
[Black "King, Daniel J"]
[Result "1-0"]
[WhiteElo "2460"]
[BlackElo "2545"]

1.d4 Nf6 2.c4 e6 3.Nc3 Bb4 4.f3 c5 5.d5 d6 6.e4 O-O 7.Ne2 Re8 8.Ng3 Bxc3+
9.bxc3 Qa5 10.Bd2 Bd7 11.Be2 Ba4 12.Qc1 Nbd7 13.O-O a6 14.Bf4 Qc7 15.Rb1 Nf8
16.h4 b5 17.Qd2 Ng6 18.Bg5 Nd7 19.h5 Ngf8 20.h6 g6 21.f4 Rab8 22.e5 exd5
23.cxd5 dxe5 24.d6 Qc6 25.Be7 c4 26.f5 Rxe7 27.dxe7 Qc5+ 28.Rf2 Qxe7 29.Ne4 Nc5
30.Qe3 Bc2 31.fxg6 hxg6 32.Nf6+ Kh8 33.Rbf1 Nd3 34.Bxd3 Bxd3 35.Re1 e4 36.Qd4 Rd8
37.Nd5+ Kh7 38.Nxe7 Rxd4 39.Rxf7+ Kxh6 40.cxd4 c3 41.Rxf8 b4 42.Kf2 a5 43.Nd5  1-0

[Event "URS-ch (Women)"]
[Site "Lvov"]
[Date "1991.??.??"]
[Round "?"]
[White "Prudnikova, Svetlana"]
[Black "Zaitseva, Ludmila G"]
[Result "1/2-1/2"]
[WhiteElo "2280"]
[BlackElo "2325"]

1.d4 Nf6 2.c4 e6 3.Nc3 Bb4 4.f3 c5 5.d5 b5 6.e4 bxc4 7.Bxc4 Nxd5 8.Bxd5 exd5
9.Qxd5 Nc6 10.Ne2 Ba6 11.Be3 Rb8 12.Bxc5 Rb5 13.Bxb4 Rxd5 14.Nxd5 Nxb4 15.Nxb4 Qa5
16.a3 O-O 17.Nc3 Bc4 18.O-O-O Be6 19.Nbd5 Qc5 20.Rd2 Rc8 21.Rhd1 Kf8 22.h3 a5
23.Rd4 Rb8  1/2-1/2

[Event "Wch U14"]
[Site "Mamaia"]
[Date "1991.??.??"]
[Round "6"]
[White "Dao Thien Hai"]
[Black "Macieja, Bartlomiej"]
[Result "1-0"]
[WhiteElo "2205"]
[BlackElo "2250"]

1.d4 Nf6 2.c4 e6 3.Nc3 Bb4 4.f3 c5 5.a3 Bxc3+ 6.bxc3 d5 7.cxd5 exd5 8.e3 O-O
9.Bd3 Nh5 10.Ne2 cxd4 11.exd4 f5 12.g3 b6 13.Qc2 Qd7 14.O-O Ba6 15.Bxa6 Nxa6
16.Qd3 Nc7 17.a4 Ne6 18.a5 b5 19.Ba3 Rf7 20.Rae1 g6 21.Nc1 f4 22.g4 Nf6 23.Qd2 g5
24.Nd3 Rg7 25.Re5 Nd8 26.Rf5 Rg6 27.Ne5 Qg7 28.Nxg6 hxg6 29.Re5 Nc6 30.Re6 Rc8
31.Rfe1 b4 32.cxb4 Ne4 33.R6xe4 dxe4 34.Rxe4 Rd8 35.Bb2 Rd5 36.Qe2 Qd7 37.Qc4 Kh7
38.b5 Nd8 39.Qe2 Qxb5 40.Re7+ Kh6 41.Qg2 Nf7 42.Rxf7  1-0

[Event "Wch U14"]
[Site "Mamaia"]
[Date "1991.??.??"]
[Round "11"]
[White "Dao Thien Hai"]
[Black "Tzoumbas, Anastasios"]
[Result "0-1"]
[WhiteElo "2205"]
[BlackElo "2255"]

1.d4 Nf6 2.c4 e6 3.Nc3 Bb4 4.f3 d5 5.a3 Bxc3+ 6.bxc3 c5 7.cxd5 Nxd5 8.dxc5 f5
9.c4 Qh4+ 10.g3 Qxc4 11.e4 Qc3+ 12.Bd2 Qe5 13.Bd3 fxe4 14.fxe4 O-O 15.Ne2 Qf6
16.Nf4 Nxf4 17.gxf4 Qh4+ 18.Ke2 Nc6 19.Be3 Rd8 20.Qg1 Qh5+ 21.Kd2 b6 22.Kc3 bxc5
23.Qg2 c4 24.Bxc4 Qa5+ 25.Kc2 Nd4+ 26.Kd3 Nf5+ 27.Ke2 Nxe3 28.Kxe3 Qc3+ 29.Kf2 Qxc4  0-1

[Event "Miedzybrodzie op"]
[Site "Miedzybrodzie"]
[Date "1991.??.??"]
[Round "2"]
[White "Bandza, Algirdas"]
[Black "Wehmeier, Stefan"]
[Result "1/2-1/2"]
[WhiteElo "2405"]
[BlackElo "2315"]

1.d4 Nf6 2.c4 e6 3.Nc3 Bb4 4.f3 d5 5.a3 Be7 6.e4 dxe4 7.fxe4 e5 8.d5 Ng4
9.Be2 Bc5 10.Bxg4 Qh4+ 11.g3 Qxg4 12.Qxg4 Bxg4 13.h3 Bd7 14.Nf3 f6 15.b4 Be7
16.c5 a5 17.Rb1 axb4 18.axb4 O-O 19.g4 Na6 20.Bd2 Rfd8 21.Nh4 g6 22.Nf3 Bf8
23.g5 f5 24.Nxe5 Bg7 25.Nxd7 Rxd7 26.exf5 Bxc3 27.Bxc3 Rxd5 28.O-O gxf5 29.Rf3 Kf7
30.Re1 Re8 31.Rxe8 Kxe8 32.Kf2 c6 33.h4 Kf7 34.h5 Nc7 35.Rg3 Kg8 36.g6 Nb5
37.gxh7+ Kxh7 38.Rg7+ Kh6 39.Bf6 Kxh5 40.Rxb7 Kg6 41.Bh8 Rd8 42.Be5 Re8 43.Bb2 Re4
44.Rb6 Re6 45.Rb7 Re4 46.Rb6 Re6 47.Kf3 Nc7 48.Rb7 Nd5 49.b5 cxb5 50.Rxb5 Ne7
51.Rb7 Kf7 52.Bc1 Kf6 53.Bf4 Nd5  1/2-1/2

[Event "Miedzybrodzie op"]
[Site "Miedzybrodzie"]
[Date "1991.??.??"]
[Round "5"]
[White "Wlodarczyk, Robert"]
[Black "Bandza, Algirdas"]
[Result "0-1"]
[WhiteElo "2270"]
[BlackElo "2405"]

1.d4 Nf6 2.c4 e6 3.Nc3 Bb4 4.f3 d5 5.a3 Be7 6.e4 dxe4 7.fxe4 e5 8.d5 Ng4
9.Nf3 Bc5 10.b4 Bf2+ 11.Ke2 c5 12.Nb5 a6 13.Qa4 axb5 14.Qxa8 O-O 15.Qxb8 Qf6
16.h3 Bd4 17.hxg4 Bxa1 18.bxc5 Qg6 19.Ke3 Qxg4 20.Rh4 Qg3 21.Bd2 Bd4+ 22.Kd3 Qf2
23.Rh1 Bg4 24.Qxb7 Bxf3 25.Qxb5 Bd1  0-1

[Event "FRA-ch Acc"]
[Site "Montpellier"]
[Date "1991.??.??"]
[Round "4"]
[White "Verdier, Patrice"]
[Black "Hartereau, Philippe"]
[Result "0-1"]
[WhiteElo "2220"]
[BlackElo "2300"]

1.d4 Nf6 2.c4 e6 3.Nc3 Bb4 4.f3 d5 5.a3 Be7 6.e4 dxe4 7.fxe4 e5 8.d5 Bc5
9.Nf3 Ng4 10.Na4 Bf2+ 11.Ke2 b5 12.h3 bxa4 13.hxg4 Bc5 14.Be3 Bxe3 15.Kxe3 Bxg4
16.Qxa4+ c6 17.Qb4 a5 18.Qc3 O-O 19.Nxe5 Qg5+ 20.Kf2 f5 21.Nxg4 fxg4+ 22.Ke1 Nd7
23.Qd2 Qe5 24.dxc6 Nf6 25.Rd1 Rae8  0-1

[Event "FRA-ch Acc"]
[Site "Montpellier"]
[Date "1991.??.??"]
[Round "9"]
[White "Verdier, Patrice"]
[Black "Brochet, Philippe"]
[Result "1/2-1/2"]
[WhiteElo "2220"]
[BlackElo "2245"]

1.d4 Nf6 2.c4 e6 3.Nc3 Bb4 4.f3 O-O 5.e4 Nc6 6.Bg5 e5 7.d5 Nd4 8.a3 Be7 9.Nge2 Nxe2
10.Bxe2 Nxd5 11.Qxd5 Bxg5 12.Qxe5 Bf6 13.Qc5 Bxc3+ 14.bxc3 d6 15.Qd4 Qh4+
16.g3 Qh3 17.O-O-O Qh5 18.g4 Qa5 19.Kb2 Bd7 20.h4 Ba4 21.Rb1 b5 22.h5 c5
23.Qd2 Rab8 24.Ka2 Rb6 25.cxb5 Bxb5 26.Bxb5 Rxb5 27.Rxb5  1/2-1/2

[Event "Moscow5"]
[Site "Moscow"]
[Date "1991.??.??"]
[Round "?"]
[White "Moskalenko, Viktor"]
[Black "Naumkin, Igor"]
[Result "1-0"]
[WhiteElo "2480"]
[BlackElo "2490"]

1.d4 Nf6 2.c4 e6 3.Nc3 Bb4 4.f3 d5 5.a3 Bxc3+ 6.bxc3 c5 7.cxd5 Nxd5 8.dxc5 f5
9.c4 Qf6 10.Bg5 Qxg5 11.cxd5 exd5 12.Nh3 Qf6 13.Nf4 Qc3+ 14.Kf2 Qxc5+ 15.e3 Nc6
16.Qxd5 Qxd5 17.Nxd5 O-O 18.Bb5 Ne5 19.Rhd1 Rb8 20.Rac1 Be6 21.Ne7+ Kh8 22.Rd6 Bb3
23.Rc7 Nf7 24.Rd4 g6 25.Rh4 Kg7 26.Rb4 Ba2 27.Be2 Kf6 28.Rbxb7 Rxb7 29.Rxb7 Ne5
30.f4 Nf7 31.Rxa7 Rb8 32.Bf3 Rb2+ 33.Kg3 Nd6 34.Nd5+ Bxd5 35.Bxd5 h5 36.a4 Rd2
37.Ba8 Nc4 38.Ra6+ Kg7 39.Kh4 Kh6 40.e4 Rxg2 41.exf5 Rxh2+ 42.Kg3 Ra2 43.Bd5 Ra3+
44.Kh4 Ne3 45.Be4 Ra2 46.Rxg6+ Kh7 47.Ra6 Rh2+ 48.Kg5  1-0

[Event "Moscow Veterans"]
[Site "Moscow"]
[Date "1991.??.??"]
[Round "?"]
[White "Bagirov, Vladimir"]
[Black "Krogius, Nikolai V"]
[Result "1/2-1/2"]
[WhiteElo "2485"]
[BlackElo "2535"]

1.d4 Nf6 2.c4 e6 3.Nc3 Bb4 4.f3 d5 5.a3 Bd6 6.e4 c5 7.dxc5 Bxc5 8.b4 Bxg1
9.Rxg1 a5 10.cxd5 axb4 11.Nb5 O-O 12.dxe6 Qxd1+ 13.Kxd1 Bxe6 14.Bb2 Nc6 15.Bd3 Nd7
16.axb4 Nxb4 17.Rxa8 Rxa8 18.Bb1 Ba2 19.Kd2 Bxb1  1/2-1/2

[Event "Muenster op"]
[Site "Muenster"]
[Date "1991.??.??"]
[Round "9"]
[White "Gutman, Lev"]
[Black "Kruszynski, Wlodzimierz"]
[Result "1-0"]
[WhiteElo "2445"]
[BlackElo "2345"]

1.d4 Nf6 2.c4 e6 3.Nc3 Bb4 4.f3 d5 5.a3 Be7 6.e4 dxe4 7.fxe4 e5 8.d5 Bc5
9.Nf3 Bg4 10.Bd3 O-O 11.h3 Bxf3 12.Qxf3 Nbd7 13.Rb1 a5 14.b4 axb4 15.axb4 Bd4
16.Ne2 c5 17.dxc6 bxc6 18.c5 Qb8 19.Bc2 Ra2 20.Qd3 Rd8 21.Qc4 Ra7 22.Rf1 Rf8
23.Rf3 Rb7 24.Rbb3 Qe8 25.Bd2 Qe6 26.Qxe6 fxe6 27.Ra3 Ne8 28.Ra8 Rxf3 29.gxf3 Kf7
30.Ba4 Nb8 31.Nxd4 exd4 32.Bf4  1-0

[Event "Nettetal"]
[Site "Nettetal"]
[Date "1991.??.??"]
[Round "3"]
[White "Steffens, Georg"]
[Black "Siklosi, Zoltan"]
[Result "0-1"]
[WhiteElo "2285"]
[BlackElo "2365"]

1.d4 Nf6 2.c4 e6 3.Nc3 Bb4 4.f3 d5 5.a3 Be7 6.e4 dxe4 7.fxe4 e5 8.d5 Bc5
9.Bg5 h6 10.Bh4 Bd4 11.Qd2 Nxe4 12.Bxd8 Nxd2 13.Bxc7 Nxf1 14.Kxf1 Bf5 15.Ke2 Na6
16.Bd6 Kd7 17.Nb5 Bxb2 18.Ra2 Bd4 19.Nf3 Rhe8 20.h3 Rac8 21.Nd2 Nc5 22.Bxc5 Bxc5
23.Rb2 a6 24.Nc3 b5 25.Nce4 Bd4  0-1

[Event "Nettetal"]
[Site "Nettetal"]
[Date "1991.??.??"]
[Round "4"]
[White "Steffens, Georg"]
[Black "Arkhipov, Sergey"]
[Result "0-1"]
[WhiteElo "2285"]
[BlackElo "2500"]

1.d4 Nf6 2.c4 e6 3.Nc3 Bb4 4.f3 d5 5.a3 Bxc3+ 6.bxc3 c5 7.cxd5 exd5 8.e3 Qc7
9.Bb5+ Bd7 10.Bxd7+ Nbxd7 11.Ne2 O-O 12.O-O Rac8 13.Ra2 cxd4 14.cxd4 Qc4
15.Rb2 Rc7 16.e4 dxe4 17.Bf4 exf3 18.Rxf3 Rc6 19.Rxb7 Re6 20.Nc3 Rfe8 21.Bg3 Qa6
22.Rb2 Nb6 23.a4 h6 24.d5 Re3 25.d6 Qa5 26.Rxe3 Rxe3 27.Ne2 Re4 28.Be1 Qxa4
29.Qb1 Qe8 30.Kf1 Qe6 31.Bg3 h5 32.h3 h4 33.Bf2 Qc4 34.Rc2 Qd5 35.Nc3 Qd3+
36.Re2 Qxb1+ 37.Nxb1 Rc4 38.Rb2 Rc6 39.Na3 Rxd6 40.Nb5 Rd5 41.Nxa7 Nc4 42.Rb8+ Kh7
43.Bxh4 Rd1+ 44.Be1 Nd5 45.Ke2 Ra1 46.Rb7 Nf4+ 47.Kf3 Nd3 48.Bg3 Nc5 49.Rc7 Nd2+
50.Ke2 Nde4 51.Be1 Ra2+ 52.Kf3 Ne6 53.Re7 Nd4+ 54.Kf4 Nc5 55.Nc8 Nce6+ 56.Ke5  0-1

[Event "Nimes op"]
[Site "Nimes"]
[Date "1991.??.??"]
[Round "3"]
[White "Verdier, Patrice"]
[Black "Dextre, Eric"]
[Result "1-0"]
[WhiteElo "2220"]
[BlackElo "2220"]

1.d4 Nf6 2.c4 e6 3.Nc3 Bb4 4.f3 c5 5.d5 b5 6.e4 bxc4 7.Bxc4 e5 8.Ne2 d6 9.O-O O-O
10.Bg5 h6 11.Bh4 g5 12.Bf2 Kg7 13.Ng3 Rg8 14.Qc1 Kf8 15.Nd1 h5 16.Ne3 h4
17.Ngf5 Nh5 18.Rd1 Na6 19.Qc2 Nc7 20.a3 Ba5 21.Qa4 Ne8 22.Bb5 Neg7 23.Nxg7 Nxg7
24.Nc4 Bc7 25.Bc6 Rb8 26.Qxa7 Nh5 27.Bxc5 g4 28.fxg4 Rxg4 29.Rd2 Rxe4 30.Qxc7 Qxc7
31.Bxd6+ Qxd6 32.Nxd6  1-0

[Event "Nimes op"]
[Site "Nimes"]
[Date "1991.??.??"]
[Round "3"]
[White "Sokolov, Andrei"]
[Black "Dizdar, Goran"]
[Result "1/2-1/2"]
[WhiteElo "2360"]
[BlackElo "2535"]

1.d4 Nf6 2.c4 e6 3.Nc3 Bb4 4.f3 d5 5.a3 Bxc3+ 6.bxc3 c5 7.cxd5 exd5 8.e3 Qc7
9.Kf2 O-O 10.Bd3 Re8 11.Ne2 b6 12.Ng3 Ba6 13.Ra2 Bxd3 14.Qxd3 Nc6 15.Re1 Rad8
16.Kg1 Nd7 17.Rae2 Nf8 18.Qf5 cxd4 19.cxd4 Qd7 20.Qd3 Ne6 21.Bb2 Na5 22.Nf5 Qa4
23.Bc1 Qb3 24.Qa6 Rd7 25.e4 Qc4 26.Qxc4 Nxc4 27.Rd1 h5 28.Rc2 b5 29.e5 Rf8
30.Ng3 g6 31.f4 Ng7 32.Nf1 f5 33.Ne3 Rc8 34.h3 Rcc7 35.Nf1 Ne6 36.g4 Kh7
37.Ng3 Ng7 38.Rg2 Rf7 39.gxh5 gxh5 40.Ne2 Nb6 41.Bd2 Nc4 42.Rg3 Ne6 43.Kf2 a6
44.Bb4 Rg7 45.Kf3 a5 46.Bc5 h4 47.Rxg7+ Rxg7 48.Kf2 Rb7 49.Nc3 Nb2 50.Rd2 Nc4
51.Rd1 Nb2 52.Rd2 Nc4 53.Rd1 Nxf4 54.Kf3 Nxh3 55.Nxd5 Rg7 56.Nf6+ Kh8 57.Nh5 Rg4
58.Be7 Ng1+ 59.Kf2 Nh3+ 60.Kf3 Ng1+ 61.Kf2 Nh3+ 62.Kf3  1/2-1/2

[Event "Paris-ch"]
[Site "Paris"]
[Date "1991.??.??"]
[Round "8"]
[White "Khenkin, Igor"]
[Black "Boudre, Jean Pierre"]
[Result "1-0"]
[WhiteElo "2460"]
[BlackElo "2365"]

1.d4 Nf6 2.c4 e6 3.Nc3 Bb4 4.f3 d5 5.a3 Be7 6.e4 dxe4 7.fxe4 e5 8.d5 Bc5
9.Nf3 Ng4 10.b4 Bf2+ 11.Ke2 c5 12.dxc6 Bd4 13.c7 Qxc7 14.Nd5 Qd8 15.Nxd4 exd4
16.Qxd4 O-O 17.h3 Nc6 18.Qc3 Qh4 19.g3 Qh5 20.Nf4 Qe5 21.Qxe5 Ngxe5 22.Ke3 f5
23.Bb2 g5 24.Nd5 fxe4 25.Be2 Nd3 26.Nf6+ Kf7 27.Nxh7 Rg8 28.Raf1+ Kg6 29.Bxd3 exd3
30.Nf8+  1-0

[Event "URS-ch Club Pavlodar"]
[Site "Pavlodar"]
[Date "1991.??.??"]
[Round "?"]
[White "Bykhovsky, Avigdor"]
[Black "Fradkin, Boris"]
[Result "1-0"]
[WhiteElo "2490"]
[BlackElo "2410"]

1.d4 Nf6 2.c4 e6 3.Nc3 Bb4 4.f3 c5 5.d5 Nh5 6.g3 f5 7.e4 f4 8.dxe6 fxg3 9.Qd5 Nf6
10.exd7+ Bxd7 11.Qe5+ Kf7 12.hxg3 Nc6 13.Qf4 Nd4 14.Kf2 Ne6 15.Qe3 Bxc3 16.bxc3 Bc6
17.Bh3 Re8 18.e5 Nf8 19.Rh2 Ng6 20.e6+ Kg8 21.Ba3 b6 22.Re1 Qd6 23.Bc1 Re7
24.Bf5 Rf8 25.Qg5 Ne5 26.Rxe5 Qxe5 27.Bxh7+ Kh8 28.Bf5+ Kg8  1-0

[Event "Podgorica"]
[Site "Podgorica"]
[Date "1991.??.??"]
[Round "11"]
[White "Janakiev, Ivan"]
[Black "Pajkovic, Vladimir"]
[Result "1-0"]
[WhiteElo "2310"]
[BlackElo "2415"]

1.d4 Nf6 2.c4 e6 3.Nc3 Bb4 4.f3 d5 5.a3 Bxc3+ 6.bxc3 c5 7.cxd5 Nxd5 8.dxc5 f5
9.Qc2 O-O 10.e4 fxe4 11.fxe4 Qf6 12.Nf3 Qxc3+ 13.Qxc3 Nxc3 14.Bd3 Nd7 15.Be3 b6
16.Rc1 Na4 17.c6 Ndc5 18.Bb5 Ba6 19.Bxc5 Bxb5 20.Bxf8 Rxf8 21.Nd4 Ba6 22.Nxe6 Re8
23.Nc7 Rxe4+ 24.Kf2 Bd3 25.Rhd1 Be2 26.Rd8+ Kf7 27.Re1 Nc3 28.Nd5 Nd1+ 29.Kg1  1-0

[Event "Podolsk"]
[Site "Podolsk"]
[Date "1991.??.??"]
[Round "?"]
[White "Touzane, Olivier"]
[Black "Kiselev, Sergey"]
[Result "0-1"]
[WhiteElo "2250"]
[BlackElo "2510"]

1.d4 Nf6 2.c4 e6 3.Nc3 Bb4 4.f3 c5 5.d5 d6 6.e4 O-O 7.Bd3 b5 8.cxb5 exd5
9.exd5 a6 10.Ne2 Qb6 11.bxa6 Nbd7 12.Bf4 Re8 13.Kf1 Ne5 14.Bb5 Bxa6 15.a4 Bxb5
16.axb5 Rxa1 17.Qxa1 Bxc3 18.Nxc3 Nd3 19.Bg3 c4 20.Ne4 Nxe4 21.fxe4 Qd4 22.b6 Qxe4
23.h4 Qe3 24.Rh3 Qxb6 25.Qa4 Qe3 26.Qa1 h5 27.Qb1 Re5  0-1

[Event "Polanica Zdroj op"]
[Site "Polanica Zdroj"]
[Date "1991.??.??"]
[Round "?"]
[White "Pojedziniec, Wladyslaw"]
[Black "Aleksandrov, Aleksej"]
[Result "1-0"]
[WhiteElo "2285"]
[BlackElo "2370"]

1.d4 Nf6 2.c4 e6 3.Nc3 Bb4 4.f3 d5 5.a3 Bxc3+ 6.bxc3 c5 7.e3 O-O 8.cxd5 Nxd5
9.Bd2 f5 10.g3 Nc6 11.Bg2 cxd4 12.cxd4 e5 13.Ne2 exd4 14.exd4 Qf6 15.f4 Be6
16.Bc1 Rfe8 17.Kf2 Bf7 18.Re1 Rad8 19.Rb1 Re7 20.Bf3 Rde8 21.Qd3 Nb6 22.d5 Qd6
23.Bb2 Nxd5 24.Rbd1 Qc5+ 25.Nd4 Ne3 26.Rc1 Qb6 27.Ba1 Ng4+ 28.Bxg4 fxg4 29.Rxe7 Rxe7
30.Rb1 Qc5 31.Qc3 Bc4 32.Rb5 Qxd4+ 33.Qxd4 Nxd4 34.Rc5 Re2+  1-0

[Event "Pyskowice op"]
[Site "Pyskovice"]
[Date "1991.??.??"]
[Round "?"]
[White "Dybala, J."]
[Black "Kazek, Krzysztof"]
[Result "0-1"]
[WhiteElo "2285"]
[BlackElo "2245"]

1.d4 Nf6 2.c4 e6 3.Nc3 Bb4 4.f3 d5 5.a3 Bd6 6.Bg5 Be7 7.e3 h6 8.Bh4 O-O 9.Qc2 c5
10.O-O-O cxd4 11.exd4 Nc6 12.Bf2 Qa5 13.Be1 Qd8 14.Bf2 b6 15.Nh3 Na5 16.g4 Ba6
17.g5 hxg5 18.Nxg5 Bxc4 19.Re1 Rc8 20.Rg1 Bxf1 21.Rexf1 Qc7 22.Bg3 Qc4 23.Be5 Qb3
24.Qxb3 Nxb3+ 25.Kc2 Na5 26.Rg2 Nc6 27.Kd3 Nh5 28.Nh3 g6 29.Ne2 Ng7 30.Bxg7 Kxg7
31.Nhf4 Rh8 32.Rfg1 Bf6 33.Ke3 Rh4 34.Rc1 Ne7 35.Rxc8 Nxc8 36.b3 Nd6 37.Rg1 Nf5+
38.Kd3 Nxd4 39.Rc1 Nxb3  0-1